000 00387nam a2200109Ia 4500
008 171211s9999 xx 000 0 und d
245 _aSerotonin and Melatonin: Their Functional Role in Plants, Food, Phytomedicine, and Human Health
245 _cAkula Ramakrishna and Gokare A. Ravishankar
260 _c2016
650 _xFITNESS
856 _uhttp://down.ebook777.com/061/1498739059.pdf
999 _c349116
_d349116